000 00823cam a2200265 4500
001 ABS64123
008 000000n2001 000 0 eng u
035 _a(Sirsi) u113378
245 _aRegional survey: South Thames riverside
260 _c2001
490 _aProperty Week
_v66(25) 22 June 2001, 45-52(5)
590 _aABS
650 _aSOUTH BANK OF LONDON
650 _aTHAMES
650 _aRIVERSIDE DEVELOPMENT
650 _aSOUTHWARK
650 _aELEPHANT AND CASTLE
650 _aGREENWICH
650 _aPROPERTY-COMMERCIAL PROPERTY-OFFICE PROPERTY-OFFICE PROPERTY MARKET
650 _aPROPERTY-COMMERCIAL PROPERTY-RETAIL PROPERTY-RETAIL PROPERTY MARKET
650 _aLEISURE MARKET
650 _aREGENERATION
690 _aPROPERTY-COMMERCIAL PROPERTY-COMMERCIAL PROPERTY MARKET
942 _n0
999 _c67545
_d67545